000 01155nam a2200289Ia 4500
003 OSt
005 20221005110726.0
006 a|||||r|||| 00| 0
007 ta
008 221004b |||||||| |||| 00| 0 hin d
020 _a9788126707614 (hbk)
_c250
024 _a11034
037 _bBR8177, 20/03/2014, Rajkamal Prakashan Pvt. Ltd.
_cTextual
040 _aCRL
_cCRL
_bhin
041 _2hin
_ahin
082 _aO156,387,YU, 152M5;Q0.7
100 _aमंुशी, कन्हैयालाल माणिकलाल
245 0 _aकृष्णावतार
246 _aKṛuṣhṇāvatāra
250 _a12 वॉं संस्करण
260 _aनई दिल्ली
_bराजकमल प्रकाशन भारत
_c2010
300 _a175पृ0
_ccm.
490 _vभाग 7
_aकृष्णावतार; 7
650 _aगुजराती साहित्य
942 _hO156,387,YU, 152M5;Q0.7
_cTEXL
_2cc
999 _c1019691
_d1019691